[Event "LiSB-ch B"]
[Site "Stein"]
[Date "2000.11.25"]
[Round "1"]
[White "Boonen, Piet"]
[Black "Moonen, Hans"]
[Result "1-0"]
[WhiteElo "1955"]
[BlackElo "1857"]
[PlyCount "41"]
[EventDate "2000.11.25"]
[EventType "swiss"]
[EventRounds "7"]
[EventCountry "NED"]
[Source "P.Boonen"]
[SourceDate "2012.01.01"]

1. e4 e5 2. Nf3 f5 3. d4 fxe4 4. Nxe5 Nf6 5. Bc4 Qe7 6. Bf7+ Kd8 7. Bb3 d5 8.
O-O c5 9. c4 Nc6 10. Nxc6+ bxc6 11. cxd5 cxd5 12. Bg5 Rb8 13. Bxd5 Rxb2 14.
dxc5 Qe5 15. Bc4+ Kc7 16. Qc1 Rxf2 17. Rxf2 Qxa1 18. Bxf6 gxf6 19. Qf4+ Kd8 20.
Rd2+ Bd7 21. Qb8+ 1-0

[Event "LiSB-ch B"]
[Site "Stein"]
[Date "2000.11.25"]
[Round "1"]
[White "Gruisen, Hans"]
[Black "Simenon, Jozef"]
[Result "1/2-1/2"]
[WhiteElo "1815"]
[BlackElo "1681"]
[PlyCount "82"]
[EventDate "2000.11.25"]
[EventType "swiss"]
[EventRounds "7"]
[EventCountry "NED"]
[Source "P.Boonen"]
[SourceDate "2012.01.01"]

1. d4 d5 2. c4 c6 3. Nc3 Nf6 4. cxd5 cxd5 5. Nf3 e6 6. Bf4 Bd6 7. Bxd6 Qxd6 8.
e3 Nc6 9. Bd3 O-O 10. O-O e5 11. Nb5 Qe7 12. dxe5 Nxe5 13. Be2 a6 14. Nc3 Rd8
15. Qd4 Nc6 16. Qh4 Ne4 17. Qxe7 Nxe7 18. Rac1 Bg4 19. Nd4 Bxe2 20. Ncxe2 Rac8
21. Rfd1 Rxc1 22. Rxc1 Rc8 23. Rxc8+ Nxc8 24. f3 Nc5 25. Nc3 Ne7 26. Kf1 Ne6
27. Nc2 f6 28. Ke2 Nc7 29. Kd3 Nc6 30. Ne2 Nb5 31. f4 Kf7 32. a4 Nba7 33. Ned4
g6 34. b4 Ke7 35. b5 axb5 36. Nxb5 Nxb5 37. axb5 Na7 38. Na3 b6 39. Kc3 Kd6 40.
Kb4 h6 41. Nb1 Ke6 1/2-1/2

[Event "LiSB-ch B"]
[Site "Stein"]
[Date "2000.11.25"]
[Round "1"]
[White "Snoeck, Rene"]
[Black "Lafleur, John"]
[Result "1-0"]
[WhiteElo "1784"]
[BlackElo "1809"]
[PlyCount "89"]
[EventDate "2000.11.25"]
[EventType "swiss"]
[EventRounds "7"]
[EventCountry "NED"]
[Source "P.Boonen"]
[SourceDate "2012.01.01"]

1. d4 d5 2. c4 e6 3. Nc3 Nf6 4. Bg5 Be7 5. e3 O-O 6. Bd3 h6 7. Bh4 Nbd7 8. Nf3
c6 9. O-O dxc4 10. Bxc4 Nd5 11. Bxe7 Qxe7 12. a3 Nxc3 13. bxc3 e5 14. Re1 e4
15. Nd2 Nf6 16. Be2 Bf5 17. Qc2 Rfe8 18. Reb1 Rad8 19. a4 h5 20. c4 Ng4 21. Nf1
Rd6 22. Qb3 Bc8 23. Rb2 Rg6 24. c5 Qg5 25. g3 h4 26. Bc4 Qf6 27. Qd1 Qg5 28.
Qb3 Re7 29. a5 a6 30. Rd1 Qf6 31. Rdd2 h3 32. Qd1 Nh6 33. Rb6 Bg4 34. Be2 Bxe2
35. Qxe2 Qf5 36. Rdb2 Qc8 37. Nd2 Rf6 38. Nc4 Ng4 39. Nd6 Qe6 40. Qe1 Kh7 41.
Rxb7 Rxb7 42. Nxb7 Qf5 43. Qd1 g6 44. Nd6 Qg5 45. Nxe4 1-0

[Event "LiSB-ch B"]
[Site "Stein"]
[Date "2000.11.25"]
[Round "1"]
[White "Uckerman, John"]
[Black "Spronkmans, Stefan"]
[Result "0-1"]
[WhiteElo "1883"]
[BlackElo "1742"]
[PlyCount "88"]
[EventDate "2000.11.25"]
[EventType "swiss"]
[EventRounds "7"]
[EventCountry "NED"]
[Source "P.Boonen"]
[SourceDate "2012.01.01"]

1. e4 c5 2. d3 Nc6 3. Nf3 d6 4. b3 Nf6 5. Bb2 e6 6. Nbd2 Be7 7. Be2 O-O 8. O-O
b6 9. Re1 Bb7 10. Bf1 Qc7 11. a4 Rad8 12. d4 cxd4 13. Nxd4 Nxd4 14. Bxd4 d5 15.
e5 Nd7 16. Nf3 Nc5 17. Qd2 Ne4 18. Qe3 Bc5 19. Rad1 Bb4 20. c3 Bc5 21. Bd3 Bxd4
22. cxd4 f5 23. Rc1 Qe7 24. g3 Rc8 25. Bxe4 dxe4 26. Nd2 Bd5 27. Nc4 Bxc4 28.
bxc4 Qb4 29. Qe2 Qxa4 30. d5 exd5 31. cxd5 Qd4 32. d6 Qxe5 33. Rxc8 Rxc8 34. d7
Rd8 35. Qc4+ Kf8 36. Rd1 e3 37. Rd5 exf2+ 38. Kxf2 Qf6 39. Qd3 g6 40. Qd2 Qe7
41. Qd4 Kg8 42. Qc4 Kg7 43. Qc7 Kf8 44. Re5 Qxd7 0-1

[Event "LiSB-ch B"]
[Site "Stein"]
[Date "2000.11.25"]
[Round "1"]
[White "Van Alphen, Raimund"]
[Black "Metsemakers, Peter"]
[Result "1/2-1/2"]
[WhiteElo "1825"]
[BlackElo "1717"]
[PlyCount "65"]
[EventDate "2000.11.25"]
[EventType "swiss"]
[EventRounds "7"]
[EventCountry "NED"]
[Source "P.Boonen"]
[SourceDate "2012.01.01"]

1. e4 e5 2. Nf3 Nc6 3. Bb5 a6 4. Ba4 Nf6 5. O-O Be7 6. Re1 b5 7. Bb3 d6 8. h3
O-O 9. c3 Nd7 10. d4 Nb6 11. Nbd2 exd4 12. cxd4 d5 13. e5 Bf5 14. a3 Qd7 15.
Nf1 Rfe8 16. Ng3 Bg6 17. Bd2 Nd8 18. Rc1 Ne6 19. Bc2 Nc4 20. Bxg6 fxg6 21. Rc2
Rf8 22. Bc1 a5 23. Ne2 c6 24. Nd2 a4 25. Nxc4 bxc4 26. Be3 Rf7 27. Nc3 Bg5 28.
Rd2 Bxe3 29. Rxe3 Qa7 30. g3 Rf5 31. Kg2 Rf7 32. Kg1 Rf5 33. Kg2 1/2-1/2

[Event "LiSB-ch B"]
[Site "Stein"]
[Date "2000.11.25"]
[Round "2"]
[White "Lafleur, John"]
[Black "Gruisen, Hans"]
[Result "1/2-1/2"]
[WhiteElo "1809"]
[BlackElo "1815"]
[PlyCount "68"]
[EventDate "2000.11.25"]
[EventType "swiss"]
[EventRounds "7"]
[EventCountry "NED"]
[Source "P.Boonen"]
[SourceDate "2012.01.01"]

1. d4 d5 2. Nf3 Nf6 3. b3 Bf5 4. e3 e6 5. Bd3 Bxd3 6. Qxd3 c6 7. O-O Bd6 8. Bb2
Nbd7 9. Nbd2 O-O 10. c4 Re8 11. Rfd1 Qe7 12. Ne5 Rad8 13. Rac1 Nf8 14. h3 Bb8
15. a3 h6 16. b4 a6 17. c5 N8h7 18. f4 Nf8 19. a4 N6d7 20. b5 axb5 21. axb5
Bxe5 22. fxe5 Ng6 23. Nf3 Ndf8 24. Ra1 Ra8 25. Bc3 Nh4 26. Nxh4 Qxh4 27. Rdb1
Ng6 28. b6 Reb8 29. Ra7 Qd8 30. Rba1 Nh4 31. Be1 Nf5 32. g4 Ne7 33. Bh4 g5 34.
Bg3 Rxa7 1/2-1/2

[Event "LiSB-ch B"]
[Site "Stein"]
[Date "2000.11.25"]
[Round "2"]
[White "Metsemakers, Peter"]
[Black "Boonen, Piet"]
[Result "1/2-1/2"]
[WhiteElo "1717"]
[BlackElo "1955"]
[PlyCount "34"]
[EventDate "2000.11.25"]
[EventType "swiss"]
[EventRounds "7"]
[EventCountry "NED"]
[Source "P.Boonen"]
[SourceDate "2012.01.01"]

1. e4 c5 2. Nf3 Nc6 3. Bb5 g6 4. O-O Bg7 5. c3 e6 6. d4 cxd4 7. cxd4 Qb6 8.
Bxc6 bxc6 9. Nc3 Ne7 10. Re1 O-O 11. Rb1 h6 12. Be3 d5 13. Qd2 Kh7 14. a3 dxe4
15. Nxe4 Nd5 16. Nc3 a5 17. Nxd5 cxd5 1/2-1/2

[Event "LiSB-ch B"]
[Site "Stein"]
[Date "2000.11.25"]
[Round "2"]
[White "Moonen, Hans"]
[Black "Uckerman, John"]
[Result "1-0"]
[WhiteElo "1857"]
[BlackElo "1883"]
[PlyCount "40"]
[EventDate "2000.11.25"]
[EventType "swiss"]
[EventRounds "7"]
[EventCountry "NED"]
[Source "P.Boonen"]
[SourceDate "2012.01.01"]

1. e4 e5 2. Nf3 Nc6 3. d4 exd4 4. Bc4 d6 5. c3 dxc3 6. Nxc3 Bg4 7. Qb3 Qd7 8.
Bxf7+ Qxf7 9. Qxb7 Rb8 10. Qxc6+ Qd7 11. Nd4 Ne7 12. Qxd7+ Kxd7 13. O-O Nc6 14.
Nxc6 Kxc6 15. b3 g6 16. Be3 Bg7 17. Rac1 Kd7 18. f3 Be6 19. Na4 a6 20. Rfd1 Kc8
1-0

[Event "LiSB-ch B"]
[Site "Stein"]
[Date "2000.11.25"]
[Round "2"]
[White "Simenon, Jozef"]
[Black "Van Alphen, Raimund"]
[Result "1/2-1/2"]
[WhiteElo "1681"]
[BlackElo "1825"]
[PlyCount "75"]
[EventDate "2000.11.25"]
[EventType "swiss"]
[EventRounds "7"]
[EventCountry "NED"]
[Source "P.Boonen"]
[SourceDate "2012.01.01"]

1. c4 f5 2. Nf3 Nf6 3. d4 e6 4. e3 d5 5. Nc3 c6 6. Bd3 Bd6 7. a3 O-O 8. b3 Ne4
9. Bb2 Nd7 10. Bc2 Qf6 11. Qe2 Rb8 12. Nd2 Nxd2 13. Qxd2 Qh6 14. g3 Nf6 15. f4
Bd7 16. Bd3 Nh5 17. Qg2 Rf7 18. h3 Be7 19. Kd2 g5 20. Qf2 Kh8 21. Rag1 gxf4 22.
gxf4 Rg8 23. Ne2 Rfg7 24. Rxg7 Rxg7 25. Rg1 Rg6 26. Kc2 Qg7 27. Rxg6 Qxg6 28.
Qg1 Qxg1 29. Nxg1 Kg7 30. Nf3 Bf6 31. Ne5 Bxe5 32. dxe5 Kf7 33. a4 Ng3 34. Bc3
Ne4 35. Be1 Kg7 36. Be2 Be8 37. Bf3 Bg6 38. Bxe4 1/2-1/2

[Event "LiSB-ch B"]
[Site "Stein"]
[Date "2000.11.25"]
[Round "2"]
[White "Spronkmans, Stefan"]
[Black "Snoeck, Rene"]
[Result "1/2-1/2"]
[WhiteElo "1742"]
[BlackElo "1784"]
[PlyCount "36"]
[EventDate "2000.11.25"]
[EventType "swiss"]
[EventRounds "7"]
[EventCountry "NED"]
[Source "P.Boonen"]
[SourceDate "2012.01.01"]

1. e4 c6 2. d4 d5 3. Nc3 g6 4. Nf3 Bg4 5. Be2 Bg7 6. Be3 e6 7. h3 Bxf3 8. Bxf3
Ne7 9. O-O O-O 10. Re1 Nd7 11. Qd2 Re8 12. Rad1 a6 13. Bf4 Qa5 14. a3 Kh8 15.
Ne2 Qb6 16. c3 Kg8 17. Qc2 Rad8 18. Ng3 Bh8 1/2-1/2

[Event "LiSB-ch B"]
[Site "Stein"]
[Date "2000.11.26"]
[Round "3"]
[White "Boonen, Piet"]
[Black "Spronkmans, Stefan"]
[Result "1/2-1/2"]
[WhiteElo "1955"]
[BlackElo "1742"]
[PlyCount "44"]
[EventDate "2000.11.25"]
[EventType "swiss"]
[EventRounds "7"]
[EventCountry "NED"]
[Source "P.Boonen"]
[SourceDate "2012.01.01"]

1. e4 c5 2. Nf3 e6 3. d4 cxd4 4. Nxd4 Nf6 5. Nc3 d6 6. Be2 Be7 7. O-O O-O 8.
Kh1 Nc6 9. Be3 a6 10. f4 Qc7 11. Qe1 b5 12. a3 Bb7 13. Bf3 Rac8 14. Rd1 Rfd8
15. Qf2 Nd7 16. f5 Nxd4 17. Bxd4 Bf6 18. fxe6 fxe6 19. Bg4 Re8 20. Qg3 Bxd4 21.
Rxd4 Ne5 22. Be2 Rf8 1/2-1/2

[Event "LiSB-ch B"]
[Site "Stein"]
[Date "2000.11.26"]
[Round "3"]
[White "Gruisen, Hans"]
[Black "Metsemakers, Peter"]
[Result "1/2-1/2"]
[WhiteElo "1815"]
[BlackElo "1717"]
[PlyCount "61"]
[EventDate "2000.11.25"]
[EventType "swiss"]
[EventRounds "7"]
[EventCountry "NED"]
[Source "P.Boonen"]
[SourceDate "2012.01.01"]

1. d4 Nf6 2. c4 e6 3. Nf3 d5 4. Nc3 Be7 5. Bg5 O-O 6. e3 h6 7. Bh4 b6 8. Bxf6
Bxf6 9. cxd5 exd5 10. Rc1 Bf5 11. Bd3 Bxd3 12. Qxd3 Re8 13. O-O c6 14. Rfd1 Nd7
15. Ne2 Rc8 16. Nf4 Nf8 17. Nh5 Nd7 18. Nxf6+ Qxf6 19. Rc3 Rc7 20. Rdc1 Re6 21.
Ra3 Qg6 22. Qxg6 Rxg6 23. Ra6 Nb8 24. Ra4 Nd7 25. Rc3 a5 26. b4 axb4 27. Rxb4
Re6 28. Ra4 Re8 29. Rca3 f6 30. Kf1 Kf7 31. Ke2 1/2-1/2

[Event "LiSB-ch B"]
[Site "Stein"]
[Date "2000.11.26"]
[Round "3"]
[White "Snoeck, Rene"]
[Black "Simenon, Jozef"]
[Result "1/2-1/2"]
[WhiteElo "1784"]
[BlackElo "1681"]
[PlyCount "65"]
[EventDate "2000.11.25"]
[EventType "swiss"]
[EventRounds "7"]
[EventCountry "NED"]
[Source "P.Boonen"]
[SourceDate "2012.01.01"]

1. d4 d5 2. c4 e6 3. Nc3 Nf6 4. Bg5 c6 5. e3 h6 6. Bh4 Bd6 7. Nf3 O-O 8. Bd3
Nbd7 9. O-O Qc7 10. c5 Be7 11. b4 b6 12. Qb3 Bb7 13. Rfc1 Qd8 14. a4 Nh5 15.
Bxe7 Qxe7 16. a5 bxc5 17. bxc5 Rfb8 18. Qa4 a6 19. Qd1 Nhf6 20. Na4 e5 21. Bf1
e4 22. Nd2 Nf8 23. Nb6 Ra7 24. Qa4 Ne6 25. Nb1 Nc7 26. Nc3 Qe8 27. Ra2 Nb5 28.
Rb2 Rd8 29. h3 Kh7 30. Qb4 Kg8 31. Ra2 Nh7 32. Qa4 Nf8 33. Be2 1/2-1/2

[Event "LiSB-ch B"]
[Site "Stein"]
[Date "2000.11.26"]
[Round "3"]
[White "Uckerman, John"]
[Black "Lafleur, John"]
[Result "0-1"]
[WhiteElo "1883"]
[BlackElo "1809"]
[PlyCount "52"]
[EventDate "2000.11.25"]
[EventType "swiss"]
[EventRounds "7"]
[EventCountry "NED"]
[Source "P.Boonen"]
[SourceDate "2012.01.01"]

1. e4 e5 2. Nf3 Nf6 3. d3 Nc6 4. g3 Bc5 5. Bg2 d6 6. c3 a5 7. O-O O-O 8. d4
exd4 9. cxd4 Ba7 10. d5 Ne5 11. Nc3 Bg4 12. Re1 Re8 13. h3 Nxf3+ 14. Bxf3 Bxh3
15. g4 Nd7 16. Be3 Ne5 17. Bxa7 Rxa7 18. Nb5 Ra8 19. Re3 Qd7 20. Nd4 Bxg4 21.
Bxg4 Qxg4+ 22. Qxg4 Nxg4 23. Rg3 Rxe4 24. Nf5 Rf4 25. Ne7+ Kf8 26. Re1 Ne5 0-1

[Event "LiSB-ch B"]
[Site "Stein"]
[Date "2000.11.26"]
[Round "3"]
[White "Van Alphen, Raimund"]
[Black "Moonen, Hans"]
[Result "1-0"]
[WhiteElo "1825"]
[BlackElo "1857"]
[PlyCount "51"]
[EventDate "2000.11.25"]
[EventType "swiss"]
[EventRounds "7"]
[EventCountry "NED"]
[Source "P.Boonen"]
[SourceDate "2012.01.01"]

1. e4 e5 2. Nf3 d6 3. d4 Bg4 4. dxe5 Nd7 5. exd6 Bxd6 6. Be2 Qe7 7. Be3 O-O-O
8. c3 Nc5 9. Qd4 Qxe4 10. b4 Bxf3 11. bxc5 Be5 12. gxf3 Qxd4 13. cxd4 Rxd4 14.
Nd2 Ra4 15. Rd1 Nf6 16. Bc4 Rf8 17. Bb3 Rh4 18. h3 h6 19. Ke2 Nh5 20. Nc4 Bf4
21. Rd4 Re8 22. Re4 Rxe4 23. fxe4 Bxe3 24. Kxe3 Nf4 25. Ne5 Nxh3 26. Bxf7 1-0

[Event "LiSB-ch B"]
[Site "Stein"]
[Date "2000.11.26"]
[Round "4"]
[White "Boonen, Piet"]
[Black "Snoeck, Rene"]
[Result "1-0"]
[WhiteElo "1955"]
[BlackElo "1784"]
[PlyCount "41"]
[EventDate "2000.11.25"]
[EventType "swiss"]
[EventRounds "7"]
[EventCountry "NED"]
[Source "P.Boonen"]
[SourceDate "2012.01.01"]

1. e4 c6 2. d4 d5 3. e5 c5 4. c3 Nc6 5. Be3 Qb6 6. Qd2 Bf5 7. dxc5 Qc7 8. f4 e6
9. Nf3 Nge7 10. Na3 a6 11. b4 Bg6 12. Nd4 Nf5 13. Nxf5 Bxf5 14. Bd3 Bxd3 15.
Qxd3 a5 16. b5 Nd8 17. b6 Qc6 18. Nb5 Rb8 19. Nc7+ Kd7 20. Qd4 g6 21. O-O 1-0

[Event "LiSB-ch B"]
[Site "Stein"]
[Date "2000.11.26"]
[Round "4"]
[White "Metsemakers, Peter"]
[Black "Lafleur, John"]
[Result "0-1"]
[WhiteElo "1717"]
[BlackElo "1809"]
[PlyCount "70"]
[EventDate "2000.11.25"]
[EventType "swiss"]
[EventRounds "7"]
[EventCountry "NED"]
[Source "P.Boonen"]
[SourceDate "2012.01.01"]

1. e4 e5 2. Nf3 Nf6 3. Nxe5 d6 4. Nf3 Nxe4 5. Bd3 Nc5 6. Be2 d5 7. d4 Ne4 8.
O-O Be7 9. Re1 O-O 10. Bf4 c6 11. c3 Nd7 12. Nbd2 f5 13. Ne5 Nxe5 14. Bxe5 Be6
15. f3 Nd6 16. f4 Ne4 17. Nf3 a5 18. g3 a4 19. a3 h5 20. Bd3 h4 21. Kg2 Bf7 22.
Re3 Bh5 23. Qe1 hxg3 24. hxg3 Bg4 25. Nh2 Bh5 26. Nf3 Kf7 27. Qe2 Rh8 28. Rh1
Bg4 29. Qc2 Rxh1 30. Kxh1 Nxg3+ 31. Kg2 Ne4 32. Re1 Qh8 33. Nh2 Qh3+ 34. Kh1
Rh8 35. Bxe4 fxe4 0-1

[Event "LiSB-ch B"]
[Site "Stein"]
[Date "2000.11.26"]
[Round "4"]
[White "Moonen, Hans"]
[Black "Gruisen, Hans"]
[Result "1-0"]
[WhiteElo "1857"]
[BlackElo "1815"]
[PlyCount "54"]
[EventDate "2000.11.25"]
[EventType "swiss"]
[EventRounds "7"]
[EventCountry "NED"]
[Source "P.Boonen"]
[SourceDate "2012.01.01"]

1. e4 c5 2. d4 cxd4 3. c3 dxc3 4. Nxc3 d6 5. Nf3 Nc6 6. Bc4 g6 7. Qb3 e6 8. Bf4
Be7 9. Rd1 a6 10. Be2 Qc7 11. O-O Nf6 12. Qa4 Rb8 13. e5 b5 14. Nxb5 axb5 15.
Bxb5 Rxb5 16. Qxb5 Nd5 17. exd6 Bxd6 18. Ne5 Bxe5 19. Bxe5 Qxe5 20. Qxc6+ Bd7
21. Qc5 Kd8 22. Rfe1 Qc7 23. Qd4 Re8 24. Qh4+ Ne7 25. Rc1 Qa5 26. Red1 h5 27.
b4 Rh8 1-0

[Event "LiSB-ch B"]
[Site "Stein"]
[Date "2000.11.26"]
[Round "4"]
[White "Simenon, Jozef"]
[Black "Uckerman, John"]
[Result "1-0"]
[WhiteElo "1681"]
[BlackElo "1883"]
[PlyCount "115"]
[EventDate "2000.11.25"]
[EventType "swiss"]
[EventRounds "7"]
[EventCountry "NED"]
[Source "P.Boonen"]
[SourceDate "2012.01.01"]

1. c4 e5 2. Nc3 Nf6 3. d3 d6 4. g3 c6 5. Bg2 Be7 6. e4 O-O 7. Nge2 Bg4 8. O-O
Nbd7 9. Qc2 Rc8 10. b3 Be6 11. Bb2 d5 12. Qd2 d4 13. Nd1 a5 14. f4 Bg4 15. fxe5
Nxe5 16. Nf2 c5 17. Nf4 Bf3 18. Kh1 Bg4 19. Kg1 Rc6 20. Nxg4 Nfxg4 21. Kh1 Ne3
22. Rfe1 Rh6 23. Re2 Bg5 24. h3 N5g4 25. Kg1 Bxf4 26. gxf4 Qh4 27. Qe1 Nxg2 28.
Qxh4 Rxh4 29. Kxg2 Ne3+ 30. Kg3 Rh6 31. Bc1 Re8 32. Bxe3 dxe3 33. Rxe3 f5 34.
e5 Rg6+ 35. Kh2 Kf7 36. Rd1 Rd8 37. Re2 Rd4 38. Rf2 h5 39. Rf3 h4 40. Rg1 Rxg1
41. Kxg1 g6 42. Kf2 Rd8 43. Ke3 Re8 44. d4 cxd4+ 45. Kxd4 b6 46. Kd5 Rc8 47.
Kd6 Ke8 48. e6 Rd8+ 49. Kc7 Ke7 50. Kxb6 a4 51. Kb5 axb3 52. axb3 Kxe6 53. c5
Rb8+ 54. Kc4 Rd8 55. Rd3 Ke7 56. Rxd8 Kxd8 57. Kd4 Ke7 58. Ke5 1-0

[Event "LiSB-ch B"]
[Site "Stein"]
[Date "2000.11.26"]
[Round "4"]
[White "Spronkmans, Stefan"]
[Black "Van Alphen, Raimund"]
[Result "1-0"]
[WhiteElo "1742"]
[BlackElo "1825"]
[PlyCount "49"]
[EventDate "2000.11.25"]
[EventType "swiss"]
[EventRounds "7"]
[EventCountry "NED"]
[Source "P.Boonen"]
[SourceDate "2012.01.01"]

1. c4 f5 2. Nf3 Nf6 3. d4 e6 4. e3 d5 5. Nc3 c6 6. Bd3 Bd6 7. a3 O-O 8. b3 Nbd7
9. Bb2 Ne4 10. Qe2 Ndf6 11. h3 Bd7 12. Nd2 Be8 13. g4 Nxd2 14. Kxd2 Ne4+ 15.
Kc2 Qh4 16. f4 Ng3 17. Qf2 g5 18. Rhg1 Ne4 19. Qxh4 gxh4 20. gxf5+ Ng3 21. fxe6
dxc4 22. bxc4 Bg6 23. Bxg6 hxg6 24. Kd3 Rf6 25. d5 1-0

[Event "LiSB-ch B"]
[Site "Stein"]
[Date "2000.12.02"]
[Round "5"]
[White "Lafleur, John"]
[Black "Boonen, Piet"]
[Result "1/2-1/2"]
[WhiteElo "1809"]
[BlackElo "1955"]
[PlyCount "27"]
[EventDate "2000.11.25"]
[EventType "swiss"]
[EventRounds "7"]
[EventCountry "NED"]
[Source "P.Boonen"]
[SourceDate "2012.01.01"]

1. Nf3 Nf6 2. d4 e6 3. Bf4 d5 4. e3 Bd6 5. Nbd2 Bxf4 6. exf4 O-O 7. g3 b6 8.
Bd3 Ba6 9. Bxa6 Nxa6 10. O-O c5 11. c3 b5 12. Qe2 Qb6 13. a3 Nc7 14. dxc5
1/2-1/2

[Event "LiSB-ch B"]
[Site "Stein"]
[Date "2000.12.02"]
[Round "5"]
[White "Metsemakers, Peter"]
[Black "Moonen, Hans"]
[Result "1-0"]
[WhiteElo "1717"]
[BlackElo "1857"]
[PlyCount "57"]
[EventDate "2000.11.25"]
[EventType "swiss"]
[EventRounds "7"]
[EventCountry "NED"]
[Source "P.Boonen"]
[SourceDate "2012.01.01"]

1. e4 e5 2. Nf3 f5 3. Nxe5 Qf6 4. d4 d6 5. Nc4 fxe4 6. Nc3 Qg6 7. f3 exf3 8.
Qxf3 Nc6 9. Bd3 Qg4 10. Qe3+ Be7 11. O-O Qxd4 12. Nb5 Qxe3+ 13. Nxe3 Kd8 14.
Nd5 Nf6 15. Nbxc7 Rb8 16. Nxf6 Bxf6 17. Nd5 Bd4+ 18. Kh1 h6 19. c3 Be5 20. Be3
b5 21. a4 bxa4 22. Rf2 Be6 23. Be4 g5 24. Rxa4 Kd7 25. Nb4 Nxb4 26. cxb4 d5 27.
Rd2 Rb5 28. Rxa7+ Kc8 29. Bd3 1-0

[Event "LiSB-ch B"]
[Site "Stein"]
[Date "2000.12.02"]
[Round "5"]
[White "Simenon, Jozef"]
[Black "Spronkmans, Stefan"]
[Result "1/2-1/2"]
[WhiteElo "1681"]
[BlackElo "1742"]
[PlyCount "35"]
[EventDate "2000.11.25"]
[EventType "swiss"]
[EventRounds "7"]
[EventCountry "NED"]
[Source "P.Boonen"]
[SourceDate "2012.01.01"]

1. c4 c5 2. Nf3 Nf6 3. g3 g6 4. Bg2 Bg7 5. O-O O-O 6. Nc3 Nc6 7. b3 Ne4 8. Bb2
Nxc3 9. Bxc3 e5 10. d3 Re8 11. Nd2 Qc7 12. a3 b6 13. Rb1 Bb7 14. b4 d6 15. e3
Rab8 16. b5 Ne7 17. Bxb7 Qxb7 18. e4 1/2-1/2

[Event "LiSB-ch B"]
[Site "Stein"]
[Date "2000.12.02"]
[Round "5"]
[White "Snoeck, Rene"]
[Black "Van Alphen, Raimund"]
[Result "1/2-1/2"]
[WhiteElo "1784"]
[BlackElo "1825"]
[PlyCount "56"]
[EventDate "2000.11.25"]
[EventType "swiss"]
[EventRounds "7"]
[EventCountry "NED"]
[Source "P.Boonen"]
[SourceDate "2012.01.01"]

1. d4 Nf6 2. c4 c5 3. e3 e6 4. Nc3 d5 5. Nf3 Nc6 6. Be2 a6 7. O-O Be7 8. a3
dxc4 9. dxc5 Qxd1 10. Rxd1 Bxc5 11. Bxc4 b5 12. Be2 Bb7 13. b4 Bb6 14. Bb2 O-O
15. Ne1 Rfd8 16. Bf3 Rxd1 17. Rxd1 Rd8 18. Rxd8+ Nxd8 19. Bxb7 Nxb7 20. a4 bxa4
21. Nxa4 Bd8 22. Nd3 Be7 23. Bxf6 gxf6 24. Kf1 Kf8 25. Ke2 Ke8 26. Kd2 Kd7 27.
Kc3 Kc6 28. Kb3 a5 1/2-1/2

[Event "LiSB-ch B"]
[Site "Stein"]
[Date "2000.12.02"]
[Round "6"]
[White "Boonen, Piet"]
[Black "Simenon, Jozef"]
[Result "1/2-1/2"]
[WhiteElo "1955"]
[BlackElo "1681"]
[PlyCount "91"]
[EventDate "2000.11.25"]
[EventType "swiss"]
[EventRounds "7"]
[EventCountry "NED"]
[Source "P.Boonen"]
[SourceDate "2012.01.01"]

1. e4 c5 2. g3 Nc6 3. Bg2 e6 4. Ne2 Nf6 5. O-O Be7 6. d3 O-O 7. f4 d6 8. c3 Qc7
9. h3 d5 10. e5 Nd7 11. d4 b5 12. Nd2 Bb7 13. Nf3 a5 14. Kh2 b4 15. Be3 Rfb8
16. a3 bxc3 17. bxc3 Ba6 18. Qc2 Rb7 19. Rf2 Rab8 20. Bc1 Qb6 21. f5 Bxe2 22.
Rxe2 cxd4 23. Bg5 dxc3 24. fxe6 fxe6 25. Bxe7 Nxe7 26. Ng5 g6 27. Qxc3 h6 28.
Nf3 Rc7 29. Qd2 Kg7 30. h4 Nc5 31. Qf4 Rf8 32. Qg4 Qb5 33. Rc2 Qd7 34. Rac1
Rfc8 35. h5 g5 36. Nd4 Nf5 37. Nxf5+ exf5 38. Qd4 Ne6 39. Rxc7 Rxc7 40. Rxc7
Qxc7 41. Qxd5 Kf7 42. a4 Ke7 43. Bf1 Qc5 44. Qb7+ Qc7 45. Qd5 Qc5 46. Qb7+
1/2-1/2

[Event "LiSB-ch B"]
[Site "Stein"]
[Date "2000.12.02"]
[Round "6"]
[White "Snoeck, Rene"]
[Black "Metsemakers, Peter"]
[Result "1/2-1/2"]
[WhiteElo "1784"]
[BlackElo "1717"]
[PlyCount "46"]
[EventDate "2000.11.25"]
[EventType "swiss"]
[EventRounds "7"]
[EventCountry "NED"]
[Source "P.Boonen"]
[SourceDate "2012.01.01"]

1. d4 Nf6 2. c4 e6 3. Nc3 d5 4. Bg5 Be7 5. e3 O-O 6. Bd3 dxc4 7. Bxc4 h6 8. Bh4
Nbd7 9. Nf3 b6 10. O-O Bb7 11. Qe2 Ne4 12. Bxe7 Nxc3 13. Bxd8 Nxe2+ 14. Bxe2
Rfxd8 15. b4 c5 16. bxc5 bxc5 17. Rab1 Rab8 18. Rfc1 cxd4 19. Nxd4 Bd5 20. a3
Rxb1 21. Rxb1 Rb8 22. Rb5 Rxb5 23. Nxb5 a5 1/2-1/2

[Event "LiSB-ch B"]
[Site "Stein"]
[Date "2000.12.02"]
[Round "6"]
[White "Spronkmans, Stefan"]
[Black "Lafleur, John"]
[Result "1/2-1/2"]
[WhiteElo "1742"]
[BlackElo "1809"]
[PlyCount "79"]
[EventDate "2000.11.25"]
[EventType "swiss"]
[EventRounds "7"]
[EventCountry "NED"]
[Source "P.Boonen"]
[SourceDate "2012.01.01"]

1. e4 e5 2. Nf3 Nf6 3. Nc3 d6 4. Bc4 Be7 5. O-O Nc6 6. h3 O-O 7. d3 Na5 8. Bb3
Nxb3 9. axb3 c5 10. Be3 Be6 11. Qe2 Qd7 12. Ng5 h6 13. Nxe6 fxe6 14. f4 exf4
15. Bxf4 e5 16. Bg3 g6 17. Bh4 g5 18. Bg3 a6 19. Rf2 Rf7 20. Raf1 Raf8 21. Bh2
Bd8 22. g4 Ba5 23. Nd1 Ne8 24. Ne3 Rxf2 25. Rxf2 Rxf2 26. Qxf2 Qf7 27. Qxf7+
Kxf7 28. Nf5 Kg6 29. c3 b5 30. Bg3 Bc7 31. Kf2 Ng7 32. Nxg7 Kxg7 33. Ke2 Kf6
34. Kd2 Ke6 35. Kc2 Ba5 36. Kb1 Bd8 37. Ka2 Ba5 38. Be1 Bc7 39. Ka3 Bd8 40. Ka2
1/2-1/2

[Event "LiSB-ch B"]
[Site "Stein"]
[Date "2000.12.02"]
[Round "6"]
[White "Van Alphen, Raimund"]
[Black "Uckerman, John"]
[Result "1-0"]
[WhiteElo "1825"]
[BlackElo "1883"]
[PlyCount "55"]
[EventDate "2000.11.25"]
[EventType "swiss"]
[EventRounds "7"]
[EventCountry "NED"]
[Source "P.Boonen"]
[SourceDate "2012.01.01"]

1. e4 e5 2. Nf3 Nc6 3. Bb5 a6 4. Ba4 Nf6 5. O-O Be7 6. Re1 b5 7. Bb3 O-O 8. c3
d5 9. exd5 e4 10. dxc6 exf3 11. d4 fxg2 12. Bf4 Bg4 13. Qd3 Bd6 14. Bg3 Re8 15.
Nd2 Bf8 16. Nf3 Bh5 17. Ne5 Bd6 18. Qf5 Qe7 19. Bh4 Bxe5 20. dxe5 Bg6 21. Qf3
Rad8 22. Re3 Qxe5 23. Rxe5 Rxe5 24. Bxf6 gxf6 25. Qxf6 Rde8 26. Kxg2 h6 27. h4
Re2 28. Qxg6+ 1-0

[Event "LiSB-ch B"]
[Site "Stein"]
[Date "2000.12.03"]
[Round "7"]
[White "Lafleur, John"]
[Black "Simenon, Jozef"]
[Result "1/2-1/2"]
[WhiteElo "1809"]
[BlackElo "1681"]
[PlyCount "35"]
[EventDate "2000.11.25"]
[EventType "swiss"]
[EventRounds "7"]
[EventCountry "NED"]
[Source "P.Boonen"]
[SourceDate "2012.01.01"]

1. c4 c5 2. Nc3 Nf6 3. d4 cxd4 4. Qxd4 Nc6 5. Qd1 e6 6. a3 d5 7. e3 Be7 8. Nf3
O-O 9. Be2 dxc4 10. Qxd8 Rxd8 11. Bxc4 a6 12. b4 b5 13. Be2 Bb7 14. O-O Rd7 15.
Bb2 Rad8 16. Rad1 Rxd1 17. Rxd1 Rxd1+ 18. Bxd1 1/2-1/2